| 000 | 00999nmm a2200349 a 4500 | ||
|---|---|---|---|
| 003 | AR-BaBNM | ||
| 005 | 20251128203513.0 | ||
| 008 | 166019s1947 ||||||||||||||000 | spa|| | ||
| 040 | _cAR-BaBNM | ||
| 100 | 1 | _aRolla, José Cruz | |
| 245 | 1 | 0 |
_aNandé Ipikuera retá _b; Tierra de nuestros abuelos : historia, biografías, costumbres, idiomas, paisajes, fauna, flora, leyendas, fábulas, efemérides |
| 260 |
_aBuenos Aires _bBell _c1947 |
||
| 300 | 0 |
_a181 p. _bil. |
|
| 650 | 4 | _aCOSTUMBRES Y TRADICIONES | |
| 650 | 4 | _aRITOS | |
| 650 | 4 | _aJUEGO | |
| 650 | 4 | _aLEYENDAS | |
| 650 | 4 | _aDANZAS FOLKLORICAS | |
| 650 | 4 | _aFESTIVIDADES | |
| 650 | 4 | _aPRACTICA RELIGIOSA | |
| 650 | 4 | _aCREENCIA | |
| 650 | 4 | _aANTROPOLOGIA CULTURAL Y SOCIAL | |
| 650 | 4 | _aABORIGENES | |
| 650 | 4 | _aIDENTIDAD CULTURAL | |
| 650 | 4 | _aLITERATURA FOLKLORICA | |
| 650 | 4 | _aLENGUAS AMERINDIAS | |
| 651 | 4 | _aParaguay | |
| 651 | 4 | _aCorrientes [Provincia] | |
| 653 | 0 | _aGUARANI | |
| 942 | _cBK | ||
| 998 | _cisola | ||
| 999 |
_c3675 _d3675 |
||